00729nam a2200253 a 4500001001300000003000900013005001700022008004100039020002300080082001300103100002000116245003600136260004400172300000900216500003500225505001000260650001400270650002500284700002000309902000800329942000700337952011400344999001700458nice12345678IN_TiNIC20260116013652.0050524s1987 lona grp 000 0 eng  a019145X c11000a306bBET aBeteille, Andre aEssays in Comparative Sociology aLondan bOxford University Press c1987 a172p aincludes index and biblioraphy2 aIndex aSociology aMarxism-Anthropology1 aBeteille, Andre bSRS cBK 001040708StackRoom-aHMIbHMId2007-03-30g110.00l0o306 BETp016912r2007-03-30v110.00w2005-05-24yBK c11886d11886